Statistiche per Piloti formula 1 2021

Clicka qui per fare il quiz!

Statistiche generali

  • Questo quiz è stato fatto 2.105 volte
  • Il punteggio medio è 18 su 20

Statistiche sulle risposte

ScuderiaPilotaNazionalità% Corretto
MercedesLewis HamiltonENG
100%
FerrariCharles LeclercMON
98%
Red BullMax VerstappenOLA
98%
FerrariCarlos Sainz Jr.SPA
97%
Red BullSergio PerezMEX
95%
MercedesValtteri BottasFIN
95%
AlpineFernando AlonsoSPA
94%
Aston MartinSebastian VettelGER
94%
McLarenLando NorrisENG
93%
McLarenDaniel RicciardoAUS
92%
AlpineEsteban OconFRA
89%
Alpha TauriPierre GaslyFRA
89%
Alfa RomeoAntonio GiovinazziITA
88%
Alpha TauriYuki TsunodaJAP
88%
Aston MartinLance StrollCAN
86%
Alfa RomeoKimi RaikkonenFIN
84%
HaasMick SchumacherRUS
84%
WilliamsNicholas LatifiCAN
83%
WilliamsGeorge RussellENG
82%
HaasNikita MazepinGER
79%

Distribuzione punteggi

Percentile per numero di risposta

Percentuale di utenti per punteggio

I tuoi punteggi nel tempo

Non hai fatto questo quiz